• 首页
  • 本馆介绍
  • 公告通知
  • 最新文献
  • 馆藏检索
  • 电子资源
  • 读者导购
  • 参考咨询
  • 我的图书馆
  • 登录
  • 详细信息显示
  • 放入我的书架
  • 预约/预借图书
  • 作者相关作品
  • 分类相关作品
  • 丛书相关作品
  • 出版社相关作品

书目信息

  • 表格格式
  • 工作单格式
  • 卡片格式
题名:
农药与生态环境保护
    
 
作者: 林玉锁 , 龚瑞忠 , 朱忠林 编著
分册:  
出版信息: 北京   化学工业出版社  2000.1
页数: 211页
开本: 20cm
丛书名: 农用化学品与生态环境保护丛书
单 册:
中图分类: X592
科图分类:
主题词: 农药污染--污染防治 , 农药残留物--污染防治
电子资源:
ISBN: 7-5025-2707-9
000 00812nam0 2200253 45
001 0112071041
005 20031219104051.8
010    @a7-5025-2707-9@dCNY13.00
100    @a20011207d2000 km y0chiy0120 ea
101 0  @achi
105    @a z 000yy
200 1  @a农药与生态环境保护@ANong Yao Yu Sheng Tai Huan Jing Bao Hu@f林玉锁,龚瑞忠,朱忠林编著@FLin Yu Suo,Gong Rui Zhong,Zhu Zhong Lin Bian Zhu
210    @a北京@c化学工业出版社@d2000.1@h2000.8重印
215    @a211页@d20cm
225    @a农用化学品与生态环境保护丛书
410    @12001 @a农用化学品与生态环境保护丛书
606 0  @a农药污染@x污染防治
606 0  @a农药残留物@x污染防治
690    @aX592@v4
701  0 @a林玉锁@4编著
701  0 @a龚瑞忠@4编著
701  0 @a朱忠林@4编著
801    @aCN@bTSTC@c20011207
905    @f6@b301257-262@dX592@e17
    
    农药与生态环境保护/林玉锁,龚瑞忠,朱忠林编著.-北京:化学工业出版社,2000.1(2000.8重印)
    211页;20cm.-(农用化学品与生态环境保护丛书)
    
    
    ISBN 7-5025-2707-9:CNY13.00
    
●
相关链接 在E读中查询图书 在五车中查询图书 在当当中查询图书 在豆瓣中查询图书


正题名:农药与生态环境保护     索取号:X592/17         预约/预借

序号 登录号 条形码 馆藏地/架位号 状态 备注
1 0301257   203012578   第三借阅区/ [索取号:X592/17] 在馆    
2 0301258   203012587   第三借阅区/ [索取号:X592/17] 在馆    
3 0301259   203012596   第三借阅区/ [索取号:X592/17] 在馆    
4 0301260   203012603   第三借阅区/ [索取号:X592/17] 在馆    
5 0301261   203012612   第三借阅区/ [索取号:X592/17] 在馆    
6 0301262   203012621   第二样本阅览室/ [索取号:X592/17] 在馆    
唐山师范学院图书馆 欢迎您!
大连网信软件有限公司© 版权所有